Loading...
Science - Physics | 0 | 12 | 1 | 4 | 115 | 80 | 111.92 | 0 | 1 |
Social Science | 0 | 5 | 0 | 1 | 50 | 85 | 111.40 | 0 | 0 |
Science - Other Science | 0 | 4 | 0 | 1 | 40 | 103 | 125.25 | 0 | 0 |
Philosophy | 0 | 4 | 0 | 0 | 40 | 92 | 112.50 | 0 | 0 |
Science - Chemistry | 0 | 3 | 0 | 1 | 30 | 112 | 121.67 | 0 | 0 |
Other Academic | 0 | 3 | 0 | 1 | 30 | 98 | 112.67 | 0 | 0 |
Painting & Sculpture | 0 | 2 | 0 | 1 | 20 | 140 | 144.50 | 0 | 0 |
Religion | 0 | 1 | 0 | 0 | 10 | 140 | 140.00 | 0 | 0 |
Fine Arts - Other Fine Arts | 0 | 1 | 0 | 0 | 10 | 100 | 100.00 | 0 | 0 |
History - European History | 0 | 1 | 0 | 0 | 10 | 115 | 115.00 | 0 | 0 |
Any History | 0 | 1 | 0 | 1 | 10 | 132 | 132.00 | 0 | 0 |
Science - Biology | 0 | 1 | 0 | 0 | 10 | 98 | 98.00 | 0 | 0 |